LEADER 01236nam0 22002891i 450 001 UON00490782 005 20231205105330.881 100 $a20181009r19451956 |0itac50 ba 101 $aeng 102 $aUS 105 $a|||| 1|||| 200 1 $aˆThe ‰American language$ean inquiry into the development of English in the United States$eSupplement 1. / by H. L. Mencken 210 $aNew York$cA. A. Knopf$d1945$e6a rist. 1956 215 $aXV, 739, XXXV p.$d25 cm. 316 $aValore stimato$5IT-UONSI S.CXII F/005 410 1$1001UON00490780$12001 $aBorzoi Books$1210 $aNew York$cA. A. Knopf 606 $aLingua inglese$xStati Uniti$3UONC060782$2FI 620 $aUS$dNew York$3UONL000050 676 $a427.973$cLingua inglese. Varianti geografiche. Stati Uniti.$v21 700 1$aMENCKEN$bHenry Louis$3UONV125205$0187896 712 $aKnopf$3UONV248446$4650 801 $aIT$bSOL$c20250808$gRICA 899 $aSIBA - SISTEMA BIBLIOTECARIO DI ATENEO$2UONSI 912 $aUON00490782 950 $aSIBA - SISTEMA BIBLIOTECARIO DI ATENEO$dSI S.C XII F 005 $eSI MR 54719/1 7 005 Valore stimato 996 $aAmerican language$996068 997 $aUNIOR LEADER 01599nam0 2200337 i 450 001 UBO2640335 005 20251003044422.0 010 $a8814114013 020 $aIT$b2005-9701 100 $a20100126d2004 ||||0itac50 ba 101 | $aita 102 $ait 181 1$6z01$ai $bxxxe 182 1$6z01$an 200 1 $aFormalismo e contratto di locazione$fMaurizio Benincasa 210 $aMilano$cA. Giuffrè$d2004 215 $aIX, 259 p.$d24 cm. 225 | $aStudi di diritto civile$fUniversità di Roma, Facoltà di giurisprudenza$v72 410 0$1001CFI0036185$12001 $aStudi di diritto civile$fUniversità di Roma, Facoltà di giurisprudenza$v72$171201$aUniversità degli studi di Roma La Sapienza$b : Facoltà di giurisprudenza$3CFIV021823 606 $aLocazione$2FIR$3CFIC076964$9I 676 $a346.04$9DIRITTO. PROPRIETA'.$v12 676 $a346.04$9DIRITTO PRIVATO. Proprietà$v14 700 1$aBenincasa$b, Maurizio$3CFIV179659$4070$0438161 801 3$aIT$bIT-000000$c20100126 850 $aIT-BN0095 901 $bNAP 01$cPOZZO LIB.$nVi sono collocati fondi di economia, periodici di ingegneria e scienze, periodici di economia e statistica e altri fondi comprendenti documenti di economia pervenuti in dono. 912 $aUBO2640335 950 0$aBiblioteca Centralizzata di Ateneo$c1 v.$d 01POZZO LIB.ECON MON 1094$e 0101 0000187795E VMA 1 v. (Precedente collocazione: DASES B 1166)$fB $h20090708$i20090708 977 $a 01 996 $aFormalismo e contratto di locazione$968957 997 $aUNISANNIO